Let's Talk Mutual Funds: A Systematic, Smart Way to Make Them Work for You (Record no. 369854)

MARC details
000 -LEADER
fixed length control field 00497nam a2200181 4500
005 - DATE AND TIME OF LATEST TRANSACTION
control field 20260113142830.0
008 - FIXED-LENGTH DATA ELEMENTS--GENERAL INFORMATION
fixed length control field 260112b |||||||| |||| 00| 0 eng d
020 ## - INTERNATIONAL STANDARD BOOK NUMBER
International Standard Book Number 9789356991460
041 ## - LANGUAGE CODE
Language code of text/sound track or separate title English
082 ## - DEWEY DECIMAL CLASSIFICATION NUMBER
Item number HAL
Classification number 332.6
100 ## - MAIN ENTRY--PERSONAL NAME
Author Halan Monika
245 ## - TITLE STATEMENT
Title Let's Talk Mutual Funds: A Systematic, Smart Way to Make Them Work for You
260 ## - PUBLICATION, DISTRIBUTION, ETC.
Place of publication, distribution, etc. India
Name of publisher, distributor, etc. Harper Business
Date of publication, distribution, etc. 2023
300 ## - PHYSICAL DESCRIPTION
Extent 309
365 ## - TRADE PRICE
Price amount 399.00
Currency code Rs.00
650 ## - SUBJECT ADDED ENTRY--TOPICAL TERM
Topical term or geographic name entry element Investment
942 ## - ADDED ENTRY ELEMENTS (KOHA)
Koha item type Donated Book
Holdings
Withdrawn status Lost status Source of classification or shelving scheme Damaged status Not for loan Home library Current library Date acquired Vendor Net Price Total Checkouts Full call number Barcode Date last seen Date last checked out Bill Date Koha item type
    Dewey Decimal Classification     School of Fashion Technology School of Fashion Technology 09/01/2026 Complimentary Received by Pune Book Festival 2025 399.00 2 332.6 HAL SOFT-BK-D327 20/02/2026 12/02/2026 12/01/2026 Donated Book